| 000 | 00628nam a2200181Ia 4500 | ||
|---|---|---|---|
| 005 | 20250423095532.0 | ||
| 008 | 250422s9999 xx 000 0 und d | ||
| 020 | _a9780195084863 | ||
| 050 | _aJF 127 .P56/ | ||
| 100 | _aPious, Richarch M. | ||
| 245 | 0 | _aGovernments of the world : a student companion vol. 1 : Aden - Imperialism | |
| 260 | _aNew York | ||
| 260 | _bOxford University Press | ||
| 260 | _c2011 | ||
| 300 | _a304 p | ||
| 650 | _a Comparative government--Handbooks, manuals, etc.--Juvenile literature. Comparative government--Handbooks, manuals, etc. World politics--Handbooks, manuals, etc. | ||
| 942 | _cBK | ||
| 999 |
_c30570 _d30570 |
||